| 000 | 00518nam a22001937a 4500 | ||
|---|---|---|---|
| 999 |
_c7467 _d7467 |
||
| 003 | OSt | ||
| 005 | 20211112160544.0 | ||
| 008 | 211112b ||||| |||| 00| 0 eng d | ||
| 020 | _a0324269420 | ||
| 040 | _cDDC | ||
| 082 |
_23rd _a330 MAN 2004 |
||
| 100 |
_aMankiw, Gregory N _915296 |
||
| 245 | _aEssentials of economics | ||
| 260 |
_aCanada _bThomson south-western _c2004 |
||
| 300 |
_axxxv, 570p.: _bcol ill., _c25cm |
||
| 504 | _aincludes index and references | ||
| 650 |
_aEconomics _9975 |
||
| 942 |
_2ddc _cBOOK |
||